State of small and medium enterprises in the Slovak Republic 1999

Gespeichert in:
Bibliographische Detailangaben
Format: Buch
Sprache:Englisch
Veröffentlicht: Bratislava NARMSP 2000
Schlagworte:
Tags: Tag hinzufügen
Keine Tags, Fügen Sie das erste Tag hinzu!

MARC

LEADER 00000nam$a2200000$$$4500
001 0041475
005 20240111125005.3
020 |a 80-88957-09-5 
041 0 |a eng 
044 |a SK 
245 1 0 |a State of small and medium enterprises in the Slovak Republic 1999 
264 1 |a Bratislava  |b NARMSP  |c 2000 
300 |a 94 s. 
610 2 0 |a podnikanie malé 
610 2 0 |a podnikanie stredné 
610 2 0 |a prostredie podnikateľské 
610 2 0 |a podpora podnikania 
610 2 0 |a programy rozvojové 
610 2 0 |a spolupráca medzinárodná 
610 2 0 |a Slovensko 
610 2 0 |a Phare 
610 2 0 |a 1999